| 000 | 00708nam a2200229I 4500 | ||
|---|---|---|---|
| 008 | |||
| 049 | _aMAIN | ||
| 090 |
_aQM451 _bGLO |
||
| 100 | 1 | _aGlobus, Joseph Haim. | |
| 245 | 1 | 0 |
_aNeuroanatomy : _ba guide for the study of the form and internal structure of the brain and spinal cord / _cby J. H. Globus. |
| 250 | _a6th ed. | ||
| 260 |
_aBaltimore : _bW. Wood, _c1934. |
||
| 300 |
_axv, 240 p. : _bill. ; _c27 cm. |
||
| 504 | _a"Books of reference": foot-note. | ||
| 650 | 0 | _aNervous system. | |
| 650 | 2 | _aNervous System. | |
| 907 |
_a.b10245443 _b16-08-11 _c21-05-07 |
||
| 003 | |||
| 005 | 20230123134448.0 | ||
| 040 | _cNUST | ||
| 942 |
_cBOOKS _kQM451 _mGLO |
||
| 999 |
_c166326 _d166326 |
||